Rocky Horror Picture Show - Time Warp Lyrics - Statistics

General Stats
  • This quiz has been taken 90 times
    13 since last reset
  • The average score is 245 of 285
Answer Stats
Answer % Correct
a
100%
again
100%
an
100%
and
100%
And
100%
do
100%
hands
100%
hips
100%
I
100%
in
100%
In
100%
insane
100%
It's
100%
it's
100%
its
100%
jump
100%
just
100%
knees
100%
left
100%
Let's
100%
No
100%
on
100%
Put
100%
right
100%
step
100%
the
100%
The
100%
then
100%
tight
100%
Time
100%
time
100%
to
100%
warp
100%
You
100%
you
100%
your
100%
astounding
89%
bring
89%
drives
89%
fleeting
89%
guy
89%
He
89%
is
89%
me
89%
Not
89%
not
89%
of
89%
pelvic
89%
really
89%
that
89%
thrust
89%
when
89%
When
89%
all
78%
another
78%
at
78%
be
78%
But
78%
dimension
78%
doing
78%
down
78%
for
78%
having
78%
longer
78%
Madness
78%
much
78%
remember
78%
slip
78%
street
78%
takes
78%
toll
78%
very
78%
walking
78%
was
78%
well
78%
Well
78%
bit
67%
by
67%
change
67%
control
67%
devils
67%
drinking
67%
ever
67%
evil
67%
eyes
67%
flip
67%
gave
67%
had
67%
hit
67%
intention
67%
mind
67%
moments
67%
nothing
67%
pickup
67%
same
67%
see
67%
surprise
67%
think
67%
those
67%
took
67%
truck
67%
wink
67%
with
67%
With
67%
would
67%
you're
67%
You're
67%
calling
56%
can
56%
closely
56%
fantasy
56%
free
56%
got
56%
into
56%
I've
56%
keep
56%
Like
56%
listen
56%
sedation
56%
snake
56%
stared
56%
under
56%
up
56%
blackness
44%
cant
44%
dreamy
44%
felt
44%
out
44%
secluded
44%
sensation
44%
so
44%
So
44%
voyeuristic
44%
meant
33%
never
33%
Oh
33%
void
33%
shooka
22%
spaced
22%
Tme
0%
No matching quizzes found
Score Distribution
Percent of People with Each Score
Percentile by Number Answered
Your Score History
You have not taken this quiz since the last reset